[Event "Ì11Ï"]
[Site "Loo"]
[Date "2017.04.22"]
[Round "3.25"]
[White "Êîïûëîâ, Àðò¸ì."]
[Black "Ôàèçîâ, Ðàèëü."]
[Result "1/2-1/2"]
[WhiteElo "1481"]
[BlackElo "1293"]
[PlyCount "97"]
[EventDate "2017.04.20"]

1. Nf3 d5 2. c4 Nf6 3. d4 c6 4. Qc2 g6 5. Nc3 Bg7 6. e3 O-O 7. b3 Bf5 8. Qd2
Ne4 9. Nxe4 dxe4 10. Ng1 c5 11. Bb2 Nc6 12. Ne2 cxd4 13. Nxd4 Nxd4 14. Bxd4 Qc7
15. Bxg7 Kxg7 16. Qc3+ Kg8 17. Be2 Rfd8 18. O-O Rd7 19. Rfd1 Rad8 20. Rxd7 Qxd7
21. h3 Qd2 22. Qxd2 Rxd2 23. Bg4 Bxg4 24. hxg4 Kg7 25. Kf1 e6 26. Ke1 Rc2 27.
Rd1 Rxa2 28. Rd7 b6 29. Kd1 Rxf2 30. b4 Rb2 31. b5 Rxg2 32. Rxa7 h5 33. c5 h4
34. Ke1 bxc5 35. b6 Rb2 36. b7 c4 37. Ra4 Rxb7 38. Rxc4 Rb5 39. Rxe4 g5 40. Kf2
Kf8 41. Rc4 Rb2+ 42. Kg1 Rb3 43. Kf2 h3 44. Rc2 f5 45. gxf5 exf5 46. Rc5 h2 47.
Rxf5+ Ke7 48. Kg2 Rb2+ 49. Kh1 1/2-1/2

[Event "Ì11Ï"]
[Site "Loo"]
[Date "2017.04.22"]
[Round "3.26"]
[White "Êóðíîñîâ, Åãîð."]
[Black "Øîâêàíü, Òàðàñ."]
[Result "0-1"]
[WhiteElo "1467"]
[BlackElo "1278"]
[PlyCount "112"]
[EventDate "2017.04.20"]

1. d4 d5 2. c4 c6 3. Nc3 Nf6 4. Bg5 Nbd7 5. Nf3 g6 6. e3 Bg7 7. Qb3 Qb6 8. c5
Qxb3 9. axb3 O-O 10. Bd3 Re8 11. O-O e5 12. dxe5 Nxe5 13. Nxe5 Rxe5 14. Bf4 Re8
15. f3 Nh5 16. Rfe1 Nxf4 17. exf4 Rxe1+ 18. Rxe1 Be6 19. b4 Kf8 20. g4 Re8 21.
Kg2 Bd7 22. Rxe8+ Kxe8 23. f5 gxf5 24. gxf5 Be5 25. h4 h6 26. Kh3 Ke7 27. Kg4
Kf6 28. f4 Bd4 29. Na4 Bxf5+ 30. Bxf5 h5+ 31. Kf3 Kxf5 32. Nc3 Bf6 33. Nd1 Bxh4
34. Ne3+ Ke6 35. Nc2 Bf6 36. f5+ Kxf5 37. Ne3+ Kg5 38. b5 Bd4 39. Nxd5 cxd5 40.
b4 h4 41. c6 bxc6 42. bxc6 Bb6 43. b5 h3 44. c7 Bxc7 45. Kf2 d4 46. b6 Bxb6 47.
Kg3 d3 48. Kxh3 d2 49. Kg2 d1=Q 50. Kh2 Bd8 51. Kg2 Qd3 52. Kf2 Kf4 53. Kg2
Qf3+ 54. Kg1 Qe2 55. Kh1 Kg3 56. Kg1 Qe1# 0-1

[Event "Ì11Ï"]
[Site "Loo"]
[Date "2017.04.22"]
[Round "3.27"]
[White "Ñåðãèåíêî, Èâàí."]
[Black "Êðîòîâ, Äàìèàí."]
[Result "0-1"]
[WhiteElo "1259"]
[BlackElo "1466"]
[PlyCount "146"]
[EventDate "2017.04.20"]

1. e4 c5 2. Nf3 e6 3. d4 cxd4 4. Nxd4 a6 5. Nc3 Qc7 6. Bd3 Nf6 7. f4 d6 8. Qe2
Nbd7 9. O-O Be7 10. Kh1 O-O 11. Be3 b5 12. Nf3 Bb7 13. Bd4 e5 14. fxe5 dxe5 15.
Be3 b4 16. Nd1 Nxe4 17. Nf2 Nxf2+ 18. Bxf2 Bf6 19. Be4 Bxe4 20. Qxe4 a5 21.
Rac1 Rac8 22. c3 Qc4 23. Qxc4 Rxc4 24. cxb4 Rxb4 25. b3 e4 26. Ng1 Bg5 27. Rc3
a4 28. Nh3 Bh6 29. Rd1 axb3 30. Rxb3 Rxb3 31. axb3 Ne5 32. Bg3 Ng6 33. Rb1 f5
34. b4 f4 35. Be1 e3 36. Ng1 Ne5 37. Nf3 Nd3 38. b5 Nxe1 39. Nxe1 g5 40. h3 Bg7
41. Nf3 h6 42. b6 Kf7 43. Kg1 Ke7 44. Kf1 Kd7 45. Ke1 Kc6 46. Rc1+ Kxb6 47.
Rb1+ Kc7 48. Rc1+ Kd7 49. Rd1+ Ke6 50. Rc1 Rd8 51. Ke2 Rd7 52. Rc2 Kf5 53. Rc5+
Ke4 54. Rc4+ Kd5 55. Rc1 Ke6 56. Rc6+ Rd6 57. Rc7 Kf6 58. Rc5 Kg6 59. Rb5 Bf6
60. Rb4 Ra6 61. h4 Ra2+ 62. Kf1 Ra1+ 63. Ke2 Ra2+ 64. Kf1 g4 65. Rxf4 e2+ 66.
Kf2 Bxh4+ 67. g3 Bxg3+ 68. Kxg3 gxf3 69. Re4 Ra1 70. Kf2 e1=Q+ 71. Rxe1 Rxe1
72. Kxe1 Kf5 73. Kf2 Kf4 0-1

[Event "Ì11Ï"]
[Site "Loo"]
[Date "2017.04.22"]
[Round "3.29"]
[White "Íîâèêîâ, Äåíèñ."]
[Black "Øàëèìîâ, Âëàäèìèð."]
[Result "1-0"]
[WhiteElo "1393"]
[BlackElo "1087"]
[PlyCount "27"]
[EventDate "2017.04.20"]

1. e4 e5 2. Nf3 Nc6 3. Bb5 a6 4. Ba4 Nf6 5. O-O Be7 6. Re1 b5 7. Bb3 O-O 8. d4
exd4 9. e5 Ne8 10. c3 Na5 11. Bc2 d6 12. cxd4 Nc6 13. Qd3 dxe5 14. Qxh7# 1-0

[Event "Ì11Ï"]
[Site "Loo"]
[Date "2017.04.22"]
[Round "3.30"]
[White "Ñâèðèäîâ, Ìàêñèì."]
[Black "Ñòàðöåâ, Ìàêñèì."]
[Result "1-0"]
[WhiteElo "1377"]
[BlackElo "1196"]
[PlyCount "79"]
[EventDate "2017.04.20"]

1. e4 c6 2. d4 d5 3. Nc3 dxe4 4. Nxe4 Bf5 5. Ng3 Bg6 6. Bc4 Nf6 7. N1e2 e6 8.
h4 h6 9. Nf4 Bh7 10. c3 Nbd7 11. O-O Bd6 12. Re1 O-O 13. Nxe6 fxe6 14. Rxe6 Kh8
15. Rxd6 Ne8 16. Re6 Qxh4 17. Re1 Nd6 18. Bd3 Rae8 19. Rxe8 Rxe8 20. Bxh7 Kxh7
21. Qd3+ Kh8 22. Be3 Nf6 23. Nf5 Nxf5 24. Qxf5 Qe4 25. Qxe4 Nxe4 26. Kf1 Nd6
27. b3 Ne4 28. Rc1 Ng3+ 29. Ke1 Nf5 30. Kd2 Rd8 31. Kd3 c5 32. Rc2 b5 33. Ke4
cxd4 34. Bxd4 Nxd4 35. cxd4 Kg8 36. Rc7 Ra8 37. d5 Kh7 38. d6 a5 39. d7 Rd8 40.
Kd5 1-0

[Event "Ì11Ï"]
[Site "Loo"]
[Date "2017.04.22"]
[Round "3.31"]
[White "Ïè÷êàñîâ, Âàäèì."]
[Black "Ðàêèòèí, Äàíèèë."]
[Result "0-1"]
[WhiteElo "1277"]
[BlackElo "1663"]
[PlyCount "116"]
[EventDate "2017.04.20"]

1. d4 Nf6 2. c4 e6 3. Nc3 Bb4 4. a3 Bxc3+ 5. bxc3 d5 6. e3 b6 7. Rb1 dxc4 8.
Bxc4 Bb7 9. Nf3 O-O 10. O-O Nbd7 11. a4 Re8 12. Bb5 c6 13. Bc4 c5 14. Bb5 Nd5
15. Qc2 cxd4 16. cxd4 Rc8 17. Qd2 Nc3 18. Rb3 Nxb5 19. axb5 Bxf3 20. gxf3 Qg5+
21. Kh1 Qh5 22. Qe2 e5 23. Qd1 exd4 24. exd4 Qd5 25. Be3 Re6 26. Rg1 h6 27. Rb1
Rf6 28. Rg3 Nf8 29. Qe2 Ng6 30. Rbg1 Kh8 31. Rh3 Qf5 32. Rgg3 Rc2 33. Qd1 Qxb5
34. Rxh6+ gxh6 35. Qxc2 Qf1+ 36. Rg1 Qh3 37. Qe4 Qxf3+ 38. Qxf3 Rxf3 39. Kg2
Nh4+ 40. Kf1 Rf6 41. d5 Kh7 42. Bd4 Rg6 43. Rh1 Rd6 44. Rg1 Ng6 45. Ke2 Rxd5
46. Be3 Re5 47. Kd2 Rh5 48. Ra1 a5 49. Bxb6 Rxh2 50. Rxa5 Rh4 51. Ra7 Rf4 52.
Be3 Rf5 53. Kd3 Rd5+ 54. Ke4 Re5+ 55. Kd4 Re7 56. Ra5 Re6 57. Rf5 Kg7 58. Kd5
Ne7+ 0-1

[Event "Ì11Ï"]
[Site "Loo"]
[Date "2017.04.22"]
[Round "3.32"]
[White "Ãîëîâà÷åâ, Ëåîíèä."]
[Black "Ïîçäååâ, Äìèòðèé."]
[Result "0-1"]
[WhiteElo "1587"]
[BlackElo "1281"]
[PlyCount "94"]
[EventDate "2017.04.20"]

1. e4 e5 2. Nf3 Nc6 3. Bc4 Nf6 4. O-O Nxe4 5. Nc3 Nxc3 6. dxc3 d6 7. Ng5 Be6 8.
Nxe6 fxe6 9. Bxe6 Qf6 10. Qg4 Be7 11. Bd7+ Kf7 12. Qc4+ Kf8 13. f4 Na5 14. Qxc7
Bd8 15. Bd2 Bxc7 16. fxe5 dxe5 17. Bg5 Ke7 18. Bxf6+ gxf6 19. Rad1 Bb6+ 20. Kh1
Rad8 21. Bf5 Nc4 22. Rde1 Ne3 23. Rf3 Nxf5 24. Rxf5 Rd2 25. Ref1 Rf8 26. Rh5
Rxc2 27. Rxh7+ Rf7 28. Rxf7+ Kxf7 29. h4 Rxb2 30. h5 Rxa2 31. g4 Be3 32. Rd1
Rd2 33. Re1 Bg5 34. Rb1 b6 35. Ra1 a5 36. Rb1 a4 37. Rxb6 a3 38. Ra6 a2 39. c4
Rd1+ 40. Kg2 a1=Q 41. Rxa1 Rxa1 42. Kf3 Ra3+ 43. Ke4 Re3+ 44. Kd5 Rg3 45. Ke4
Rxg4+ 46. Kf5 Rxc4 47. h6 Rf4# 0-1

[Event "Ì11Ï"]
[Site "Loo"]
[Date "2017.04.22"]
[Round "3.33"]
[White "Ïàøèíèí, Ìàêñèì."]
[Black "Êóçüìèíûõ, Íèêèòà."]
[Result "0-1"]
[WhiteElo "1273"]
[BlackElo "1585"]
[PlyCount "66"]
[EventDate "2017.04.20"]

1. e4 e5 2. Nf3 Nc6 3. Bc4 Nf6 4. Ng5 d5 5. exd5 b5 6. Bxb5 Qxd5 7. Nc3 Qxg2 8.
Rf1 Bb7 9. d3 Bd6 10. Nf3 e4 11. dxe4 O-O-O 12. Qe2 Nb4 13. Bd3 Nxd3+ 14. cxd3
Bxh2 15. Be3 a6 16. O-O-O Bd6 17. Rg1 Qh3 18. Ng5 Qd7 19. Nf3 Rhg8 20. e5 Qf5
21. Nd4 Qxe5 22. Rg5 Qe8 23. Nf5 Qd7 24. Nxg7 h6 25. Rgg1 Bh2 26. Bxh6 Bxg1 27.
Rxg1 Qxd3 28. Qe7 Nd5 29. Nxd5 Bxd5 30. Rg3 Qf1+ 31. Kc2 Qxf2+ 32. Kb1 Qxg3 33.
Nf5 Qd3+ 0-1

[Event "Ì11Ï"]
[Site "Loo"]
[Date "2017.04.22"]
[Round "3.34"]
[White "Ïîíîìàð¸â, Àíäðåé."]
[Black "Æåðäåâ, Ðàäîìèð."]
[Result "1-0"]
[WhiteElo "1522"]
[BlackElo "1272"]
[PlyCount "65"]
[EventDate "2017.04.20"]

1. e4 d5 2. exd5 Nf6 3. Bc4 Nxd5 4. Qf3 c6 5. Ne2 e5 6. Nbc3 Be6 7. Bb3 Bc5 8.
O-O O-O 9. d3 Re8 10. Ne4 Bb6 11. Qg3 Kh8 12. Ng5 Nd7 13. Nxe6 fxe6 14. Bg5
N7f6 15. Qxe5 Bc7 16. Qd4 Qd6 17. Ng3 e5 18. Qh4 Bd8 19. Rae1 Qd7 20. Ne4 Nxe4
21. dxe4 Nf4 22. Rd1 Bxg5 23. Qxg5 Qc7 24. Qg4 Re7 25. g3 Ng6 26. Rd2 Rf8 27.
Rfd1 Qb6 28. Re2 Ree8 29. Rd6 Qb4 30. Rxg6 c5 31. Qd7 Rg8 32. Rxg7 Qxe4 33.
Rxe4 1-0

[Event "Ì11Ï"]
[Site "Loo"]
[Date "2017.04.22"]
[Round "3.35"]
[White "Çèìèí, Àðòóð."]
[Black "Ìàòâååâ, Àíäðåé."]
[Result "0-1"]
[WhiteElo "1255"]
[BlackElo "1512"]
[PlyCount "50"]
[EventDate "2017.04.20"]

1. e4 e5 2. Nc3 Nf6 3. f4 d6 4. Nf3 Nc6 5. Bc4 Bg4 6. h3 Bxf3 7. Qxf3 Nd4 8.
Qd1 Be7 9. d3 O-O 10. Be3 c5 11. Bxd4 cxd4 12. Ne2 Qb6 13. Bb3 Rac8 14. Qd2
Rfd8 15. a3 Nd7 16. Rb1 Nc5 17. Bd5 Rf8 18. h4 Nd7 19. c3 Nf6 20. c4 Nxd5 21.
exd5 Bf6 22. f5 Rfe8 23. g4 e4 24. g5 exd3 25. Qxd3 Re3 0-1

[Event "Ì11Ï"]
[Site "Loo"]
[Date "2017.04.22"]
[Round "3.36"]
[White "Äåíèñîâ, Ìàòâåé."]
[Black "ßðèêîâ, Àðòåì."]
[Result "1/2-1/2"]
[WhiteElo "1252"]
[BlackElo "1478"]
[PlyCount "129"]
[EventDate "2017.04.20"]

1. e4 c6 2. d4 d5 3. exd5 cxd5 4. Bd3 Nf6 5. h3 g6 6. Nf3 Bf5 7. Nc3 Bxd3 8.
Qxd3 a6 9. Bd2 Bg7 10. O-O-O Nc6 11. Rhe1 e6 12. Kb1 O-O 13. a3 Nd7 14. g4 Nb6
15. Ne2 Nc4 16. h4 Qb6 17. Qb3 Qa7 18. c3 N6a5 19. Qc2 Qb6 20. Ka2 Rfc8 21. h5
Nxd2 22. Rxd2 Nc4 23. Rdd1 Qc6 24. Nd2 Bh6 25. Nxc4 Qxc4+ 26. Ka1 b5 27. f4 Re8
28. g5 Bf8 29. h6 Bd6 30. Rf1 a5 31. Kb1 Rec8 32. Rc1 b4 33. b3 Qa6 34. a4 bxc3
35. Nxc3 Bb4 36. Rf3 Qb6 37. Rd1 Rab8 38. Kb2 Rc7 39. Rdd3 Bxc3+ 40. Rxc3 Qxd4
41. Rfd3 Rxc3 42. Rxc3 Rc8 43. Qd3 Qf2+ 44. Ka3 Ra8 45. Qa6 Rf8 46. Rc8 Qxf4
47. Rxf8+ Kxf8 48. Qc8+ Ke7 49. Qb7+ Kd8 50. Qa8+ Kd7 51. Qb7+ Qc7 52. Qb5+ Ke7
53. Kb2 d4 54. Kb1 e5 55. Qd5 Kf8 56. Qa8+ Ke7 57. Qd5 Ke8 58. Qa8+ Qd8 59.
Qc6+ Qd7 60. Qa8+ Qd8 61. Qc6+ Qd7 62. Qa8+ Qd8 63. Qc6+ Qd7 64. Qa8+ Qd8 65.
Qc6+ 1/2-1/2

[Event "Ì11Ï"]
[Site "Loo"]
[Date "2017.04.22"]
[Round "3.37"]
[White "Íàóìîâ, Àðòåì."]
[Black "Áëèíîâ, Èâàí."]
[Result "1-0"]
[WhiteElo "1477"]
[BlackElo "1259"]
[PlyCount "39"]
[EventDate "2017.04.20"]

1. e4 c5 2. Nf3 g6 3. c3 Bg7 4. d4 cxd4 5. cxd4 d5 6. e5 Bg4 7. h3 Bxf3 8. Qxf3
e6 9. Bd3 Nc6 10. Be3 Nge7 11. Nd2 O-O 12. O-O f6 13. Qg4 f5 14. Qf3 f4 15.
Bxf4 g5 16. Qh5 gxf4 17. Bxh7+ Kh8 18. Bg6+ Bh6 19. Qxh6+ Kg8 20. Qh7# 1-0

[Event "Ì11Ï"]
[Site "Loo"]
[Date "2017.04.22"]
[Round "3.38"]
[White "Àááàñîâ, Àçèç."]
[Black "Áàáèêîâ, Àëåêñåé."]
[Result "1-0"]
[WhiteElo "1471"]
[BlackElo "1249"]
[PlyCount "81"]
[EventDate "2017.04.20"]

1. e4 e5 2. Nf3 Nc6 3. Bc4 Nf6 4. Ng5 d5 5. exd5 Na5 6. Bb5+ c6 7. dxc6 bxc6 8.
Qf3 Be7 9. Bxc6+ Nxc6 10. Qxc6+ Bd7 11. Qf3 O-O 12. O-O Ng4 13. Ne4 f5 14. Ng3
e4 15. Qb3+ Rf7 16. a4 Bc6 17. Nxf5 Bd5 18. Nxe7+ Rxe7 19. Qg3 Qc8 20. Nc3 Bc6
21. Re1 h5 22. f3 Nf6 23. d3 Qd7 24. fxe4 Qd4+ 25. Be3 Qd7 26. Bg5 Rf7 27. Rf1
Raf8 28. Bxf6 Rxf6 29. Qe3 Qf7 30. Qe2 Bd7 31. Rxf6 Qxf6 32. Rf1 Qd4+ 33. Kh1
Rxf1+ 34. Qxf1 Qe3 35. h3 Qg3 36. Qf3 Qe1+ 37. Kh2 Qh4 38. Qg3 Qd8 39. Qd6 h4
40. e5 Qg5 41. e6 1-0

[Event "Ì11Ï"]
[Site "Loo"]
[Date "2017.04.22"]
[Round "3.39"]
[White "Ìèíüêî, Àëåêñàíäð."]
[Black "Øåðåìåòüåâ, Âëàäèñëàâ."]
[Result "0-1"]
[WhiteElo "1247"]
[BlackElo "1469"]
[PlyCount "80"]
[EventDate "2017.04.20"]

1. e4 e5 2. d4 exd4 3. Nf3 Nc6 4. Nxd4 Nf6 5. Nc3 Bb4 6. Nxc6 bxc6 7. Bd3 d5 8.
O-O O-O 9. exd5 cxd5 10. Bg5 c6 11. a3 Bd6 12. Re1 Be6 13. Qf3 Rb8 14. b3 h6
15. Bxf6 Qxf6 16. Qxf6 gxf6 17. Ne2 Bd7 18. Ng3 Rfe8 19. Nh5 Be5 20. Rxe5 fxe5
21. Nf6+ Kg7 22. Nxe8+ Rxe8 23. f3 f5 24. Re1 e4 25. fxe4 fxe4 26. Bf1 Kf6 27.
Kf2 Ke5 28. Ke3 c5 29. c3 Rf8 30. Ba6 d4+ 31. Kd2 Rf2+ 32. Re2 e3+ 33. Kd1 Bg4
34. cxd4+ cxd4 35. Bd3 Bxe2+ 36. Bxe2 Rxg2 37. Bf3 Rxh2 38. Bg2 Rxg2 39. Ke1 d3
40. Kd1 Rg1# 0-1

[Event "Ì11Ï"]
[Site "Loo"]
[Date "2017.04.22"]
[Round "3.40"]
[White "Ñåì¸íîâ, Èëüÿ."]
[Black "Ëåçèí, Àëåêñàíäð."]
[Result "1/2-1/2"]
[WhiteElo "1440"]
[BlackElo "1245"]
[PlyCount "67"]
[EventDate "2017.04.20"]

1. e4 d5 2. exd5 Nf6 3. d4 Bg4 4. Nf3 Qxd5 5. Nc3 Qh5 6. Be2 Nc6 7. h3 O-O-O 8.
O-O Be6 9. Ne5 Qh4 10. Nxc6 bxc6 11. Ba6+ Kb8 12. Be3 g5 13. Qf3 Nd5 14. Qg3
Qxg3 15. fxg3 Nxe3 16. Rf3 Nd5 17. Nxd5 Bxd5 18. Rd3 Be6 19. c4 Bc8 20. Rb3+
Ka8 21. Bxc8 Rxc8 22. Rf3 f6 23. d5 cxd5 24. cxd5 Rd8 25. Rc1 Rd7 26. Rfc3 Kb7
27. Rb3+ Kc8 28. Ra3 Kb8 29. Rb3+ Ka8 30. Rbc3 Rxd5 31. Rxc7 Rd8 32. a4 e5 33.
Rf7 Bb4 34. Rcc7 {çàïèñü íåðàçáîð~~èâà} 1/2-1/2

[Event "Ì11Ï"]
[Site "Loo"]
[Date "2017.04.22"]
[Round "3.41"]
[White "Õàððàñîâ, Äìèòðèé."]
[Black "Ìàììàäîâ, Èëüãàð."]
[Result "1-0"]
[WhiteElo "1232"]
[BlackElo "1440"]
[PlyCount "89"]
[EventDate "2017.04.20"]

1. e4 e5 2. f4 Nf6 3. fxe5 Nxe4 4. Nf3 Ng5 5. Nc3 Nc6 6. d3 Nxf3+ 7. Qxf3 Qh4+
8. g3 Nxe5 9. Qe3 Qe7 10. Nd5 Qd6 11. Bg2 c6 12. d4 cxd5 13. Qxe5+ Qxe5+ 14.
dxe5 d4 15. O-O Bc5 16. Kh1 O-O 17. a3 a5 18. Rd1 f6 19. Bd5+ Kh8 20. exf6 Rxf6
21. Bg5 Rf8 22. Re1 Ra6 23. Bc4 Rg6 24. Bd2 d6 25. Bd3 Rgf6 26. Bxa5 d5 27. Bd2
Bh3 28. b4 Rf2 29. Bf4 Ba7 30. Re2 Rxe2 31. Bxe2 h6 32. Bd3 Bf5 33. Bxf5 Rxf5
34. Kg2 g5 35. Bc7 Rf7 36. Be5+ Kh7 37. b5 Bc5 38. a4 Re7 39. Bf6 Re2+ 40. Kh3
Rxc2 41. Rd1 Rc4 42. Re1 Rxa4 43. Kg4 d3+ 44. Kh5 d2 45. Re8 1-0

[Event "Ì11Ï"]
[Site "Loo"]
[Date "2017.04.22"]
[Round "3.42"]
[White "Îðëîâ, Ïîòàï."]
[Black "Ôàäååâ, Àëåêñåé."]
[Result "0-1"]
[WhiteElo "1217"]
[BlackElo "1431"]
[PlyCount "112"]
[EventDate "2017.04.20"]

1. e4 e5 2. Nf3 Nc6 3. Bc4 Bc5 4. c3 Nf6 5. d3 O-O 6. Bb3 d5 7. Nbd2 Be6 8. Bc2
Qe7 9. h3 Rad8 10. Qe2 dxe4 11. dxe4 Nh5 12. Nf1 Nf4 13. Bxf4 exf4 14. N1h2
Rfe8 15. O-O Bd5 16. Rfe1 f5 17. Nd2 fxe4 18. Nxe4 Qf7 19. b3 a6 20. Rad1 Bxe4
21. Rxd8 Nxd8 22. Bxe4 Kf8 23. Nf3 h6 24. Qd3 Nc6 25. b4 Bb6 26. a4 Qa2 27. Qc2
Qxc2 28. Bxc2 Rxe1+ 29. Nxe1 a5 30. Be4 axb4 31. Bxc6 bxc6 32. cxb4 c5 33. bxc5
Bxc5 34. Kf1 Ke7 35. Ke2 g5 36. f3 Kd6 37. Kd3 Kd5 38. Kc3 Bd6 39. Nd3 c5 40.
Nb2 Be5+ 41. Kb3 Bxb2 42. Kxb2 Kc4 43. Kc2 Kb4 44. Kd3 c4+ 45. Kc2 Kxa4 46. Kc3
Kb5 47. Kc2 Kb4 48. Kb2 c3+ 49. Kc2 Kc4 50. Kc1 Kd3 51. Kd1 c2+ 52. Kc1 Kc3 53.
h4 gxh4 54. g4 fxg3 55. f4 g2 56. f5 g1=Q# 0-1

[Event "Ì11Ï"]
[Site "Loo"]
[Date "2017.04.22"]
[Round "3.43"]
[White "Ñåïèàøâèëè, Èâàí."]
[Black "Åðåìèí, Èâàí."]
[Result "1-0"]
[WhiteElo "1431"]
[BlackElo "1227"]
[PlyCount "71"]
[EventDate "2017.04.20"]

1. e4 c5 2. Nf3 Nc6 3. d4 cxd4 4. Nxd4 g6 5. Nc3 Bg7 6. Be3 Nf6 7. Bc4 O-O 8.
Bb3 Nxd4 9. Bxd4 d6 10. h3 Bd7 11. O-O b5 12. Qe2 a6 13. Rad1 Rc8 14. Nd5 Nxd5
15. exd5 a5 16. Bxg7 Kxg7 17. c3 a4 18. Bc2 Qb6 19. Qxe7 Rc7 20. Qe2 Re8 21.
Qd2 Rc4 22. Rfe1 Rec8 23. Re7 Qd8 24. Rde1 b4 25. Bd3 bxc3 26. bxc3 Rxc3 27.
Qf4 Qf8 28. Qd4+ Kg8 29. Rxd7 Qh6 30. Qf6 Qf8 31. Ree7 Rxd3 32. Rxf7 Rd1+ 33.
Kh2 Qh6 34. Rg7+ Kh8 35. Rxh7+ Kg8 36. Qf7# 1-0

[Event "Ì11Ï"]
[Site "Loo"]
[Date "2017.04.22"]
[Round "3.44"]
[White "Íåãîðååâ, Çàõàð."]
[Black "Ãðèãîðÿí, Ðîìàí."]
[Result "1/2-1/2"]
[WhiteElo "1428"]
[BlackElo "1187"]
[PlyCount "98"]
[EventDate "2017.04.20"]

1. e4 d5 2. exd5 Qxd5 3. Nc3 Qa5 4. d4 Nf6 5. Nf3 c6 6. Bc4 Bf5 7. Bd2 Qc7 8.
Nh4 Bg6 9. Nxg6 hxg6 10. h3 e6 11. Qe2 Nbd7 12. O-O-O O-O-O 13. f4 Bd6 14. g3
Rde8 15. Qg2 Nb6 16. Bb3 Qd7 17. Ne4 Bc7 18. Nxf6 gxf6 19. c3 f5 20. Rde1 Nd5
21. Re2 Kb8 22. Rhe1 Re7 23. Kb1 Rhe8 24. Qf3 Bd6 25. Qg2 Nb6 26. Be3 Qc7 27.
Bc1 c5 28. dxc5 Bxc5 29. Rd1 Rd7 30. Red2 Rxd2 31. Rxd2 Rd8 32. Qe2 Rxd2 33.
Qxd2 Qd7 34. Kc2 Kc7 35. Qe2 Kc8 36. Kb1 Nd5 37. Bc2 Bd6 38. Bb3 Nf6 39. Bc2
Qc6 40. a3 Ne4 41. Qe1 Bc5 42. Ka1 Bf2 43. Bxe4 Bxe1 44. Bxc6 bxc6 45. g4 fxg4
46. hxg4 Kd7 47. Kb1 Kd6 48. Kc2 Kd5 49. Kd3 e5 1/2-1/2

[Event "Ì11Ï"]
[Site "Loo"]
[Date "2017.04.22"]
[Round "3.45"]
[White "Öûáåíîâ, Àðñëàí."]
[Black "Êàøèðñêèé, Ìèõàèë."]
[Result "1-0"]
[WhiteElo "1425"]
[BlackElo "1183"]
[PlyCount "47"]
[EventDate "2017.04.20"]

1. e4 e5 2. Nf3 Nc6 3. d4 exd4 4. Nxd4 Be7 5. Nf5 Bf6 6. Nc3 Nge7 7. Nxe7 Nxe7
8. Bc4 d6 9. Be3 O-O 10. O-O Be6 11. Bb3 Qd7 12. f4 Bg4 13. Qe1 Bxc3 14. bxc3
h6 15. h3 Bh5 16. f5 g6 17. g4 gxf5 18. gxh5 fxe4 19. Qg3+ Kh7 20. Bxf7 Rg8 21.
Bxg8+ Rxg8 22. Rf7+ Kh8 23. Bd4+ Rg7 24. Qxg7# 1-0

[Event "Ì11Ï"]
[Site "Loo"]
[Date "2017.04.22"]
[Round "3.46"]
[White "Ìîøêîâ, Àëåêñàíäð."]
[Black "Øåâåë¸â, Äàíèèë."]
[Result "1-0"]
[WhiteElo "1178"]
[BlackElo "1418"]
[PlyCount "65"]
[EventDate "2017.04.20"]

1. e4 c6 2. d4 d5 3. exd5 cxd5 4. c4 Nf6 5. Nc3 Bf5 6. c5 Nc6 7. Nf3 a6 8. Be2
e6 9. O-O Be7 10. a3 O-O 11. Nh4 Bg6 12. Nxg6 hxg6 13. Be3 a5 14. Qd2 b6 15.
Na4 bxc5 16. Nxc5 Bxc5 17. dxc5 a4 18. f4 Qd7 19. Rf3 Ng4 20. Rh3 Nxe3 21. Qxe3
Rfb8 22. Qg3 Qe7 23. Rh4 Qxc5+ 24. Kh1 Rxb2 25. Qh3 f5 26. Rh8+ Kf7 27. Rxa8
Rxe2 28. Qh8 g5 29. Qh5+ g6 30. Qh7+ Kf6 31. Qh8+ Kf7 32. fxg5 Qxa3 33. Qf6#
1-0

[Event "Ì11Ï"]
[Site "Loo"]
[Date "2017.04.22"]
[Round "3.47"]
[White "Âîëîøêèí, Äàíèèë."]
[Black "Íåôåäîâ, Èëüÿ."]
[Result "1-0"]
[WhiteElo "1418"]
[BlackElo "1179"]
[PlyCount "77"]
[EventDate "2017.04.20"]

1. e4 e6 2. d4 d5 3. e5 c5 4. c3 Qb6 5. Nf3 Bd7 6. a3 cxd4 7. cxd4 Bb5 8. Bd3
Bxd3 9. Qxd3 Ne7 10. Nc3 Nbc6 11. b4 Nf5 12. Be3 Be7 13. O-O Rc8 14. Rac1 O-O
15. Na4 Qa6 16. Qxa6 bxa6 17. Nc5 a5 18. b5 Bxc5 19. dxc5 Nce7 20. Bd2 a4 21.
g4 Nh6 22. h3 f6 23. exf6 Rxf6 24. Ne5 Rc7 25. f4 Nf7 26. g5 Rf5 27. Nf3 e5 28.
Nh4 h6 29. Nxf5 Nxf5 30. fxe5 Nd4 31. Ba5 Rc8 32. Rcd1 Nxb5 33. Rxd5 Nxa3 34.
e6 Nc4 35. exf7+ Kf8 36. Rd8+ Rxd8 37. Bxd8 Nd6 38. cxd6 h5 39. Be7# 1-0

[Event "Ì11Ï"]
[Site "Loo"]
[Date "2017.04.22"]
[Round "3.48"]
[White "Ìàðäîÿí, Òèãðàí."]
[Black "Øåëåïíåâ, Àðòåì."]
[Result "0-1"]
[WhiteElo "1159"]
[BlackElo "1413"]
[PlyCount "110"]
[EventDate "2017.04.20"]

1. e4 e5 2. Nf3 Nf6 3. Nxe5 d6 4. Nf3 Nxe4 5. d4 d5 6. Bd3 Nc6 7. c4 Bb4+ 8.
Bd2 Bxd2+ 9. Nbxd2 Nxd2 10. Qe2+ Qe7 11. Qxe7+ Nxe7 12. Nxd2 dxc4 13. Bxc4 O-O
14. O-O Rd8 15. Nf3 Nc6 16. Rfe1 Bg4 17. Ne5 Nxe5 18. dxe5 Rd4 19. Bb3 Rd2 20.
Rab1 Bf5 21. Red1 Rad8 22. Rxd2 Rxd2 23. Rd1 Rxd1+ 24. Bxd1 Be6 25. a3 Bc4 26.
f4 Kf8 27. Kf2 Ke7 28. Ke3 f6 29. Bf3 b6 30. exf6+ Kxf6 31. g3 c5 32. Be4 h6
33. h4 Be6 34. h5 Bc4 35. Bf3 b5 36. Be2 Bxe2 37. Kxe2 a5 38. g4 Ke6 39. Ke3 a4
40. Ke4 b4 41. Kd3 Kd5 42. g5 c4+ 43. Ke3 c3 44. bxc3 bxa3 45. gxh6 gxh6 46. f5
a2 47. f6 a1=Q 48. f7 Qxc3+ 49. Ke2 Qf6 50. f8=Q Qxf8 51. Kd2 Kd4 52. Ke2 a3
53. Kd2 Qf2+ 54. Kc1 a2 55. Kd1 a1=Q# 0-1

[Event "Ì11Ï"]
[Site "Loo"]
[Date "2017.04.22"]
[Round "3.49"]
[White "Íèêèòèí, Àðòåì."]
[Black "Òåòþåâ, Ñòåïàí."]
[Result "0-1"]
[WhiteElo "1148"]
[BlackElo "1395"]
[PlyCount "170"]
[EventDate "2017.04.20"]

1. d4 Nf6 2. c4 g6 3. Nc3 d5 4. e3 Bg7 5. Bd3 O-O 6. Nf3 c5 7. b3 Nc6 8. cxd5
Nxd5 9. Nxd5 Qxd5 10. Bc4 Qd7 11. Bb2 Rd8 12. Ne5 Nxe5 13. dxe5 Qxd1+ 14. Rxd1
Bf5 15. O-O Rab8 16. f3 Bc2 17. Rc1 Bd3 18. Bxd3 Rxd3 19. Rxc5 Rxe3 20. f4 Re2
21. Rb1 Rd8 22. Bc3 b6 23. Rc7 Rxa2 24. Rxe7 Bf8 25. Rc7 Rc2 26. e6 fxe6 27.
Be5 Rxc7 28. Bxc7 Rc8 29. Be5 Bg7 30. Re1 Bxe5 31. Rxe5 Rc1+ 32. Kf2 Kf7 33.
Re2 Rc3 34. Rb2 Ke7 35. b4 Rc4 36. Ra2 Rxf4+ 37. Kg3 Rxb4 38. Rxa7+ Kf6 39.
Rxh7 Rb3+ 40. Kf2 Rb2+ 41. Kf3 b5 42. Rb7 b4 43. h4 b3 44. g4 Rb1 45. Ke4 Re1+
46. Kf3 Rh1 47. Kg3 Rb1 48. Kf3 b2 49. Kg2 e5 50. Rb6+ Ke7 51. h5 gxh5 52. gxh5
Kf8 53. h6 Kg8 54. Rb7 e4 55. Rb3 e3 56. Rxe3 Rg1+ 57. Kxg1 b1=Q+ 58. Kf2 Qb6
59. Ke2 Qxh6 60. Rg3+ Kf7 61. Rf3+ Ke6 62. Kf2 Qd2+ 63. Kg3 Ke5 64. Rf2 Qg5+
65. Kf3 Qf4+ 66. Ke2 Qe4+ 67. Kf1 Kd4 68. Rd2+ Kc3 69. Re2 Qh1+ 70. Kf2 Kd3 71.
Re3+ Kd4 72. Rg3 Qh2+ 73. Rg2 Qf4+ 74. Kg1 Ke3 75. Ra2 Qg4+ 76. Rg2 Qd1+ 77.
Kh2 Kf3 78. Rg3+ Kf4 79. Rg2 Qh5+ 80. Kg1 Qh3 81. Kf2 Qe3+ 82. Kf1 Kf3 83. Rc2
Qd3+ 84. Kg1 Qxc2 85. Kf1 Qc1# 0-1

[Event "Ì11Ï"]
[Site "Loo"]
[Date "2017.04.22"]
[Round "3.50"]
[White "Êàðòàëÿí, Ãàñïàð."]
[Black "Áèñêóï, Ñòåïàí."]
[Result "0-1"]
[WhiteElo "1135"]
[BlackElo "1394"]
[PlyCount "66"]
[EventDate "2017.04.20"]

1. e4 c5 2. Nf3 e6 3. d3 b6 4. Ne5 Nf6 5. Bg5 Be7 6. Be2 d6 7. Bxf6 Bxf6 8. Nf3
Bxb2 9. Nbd2 Bxa1 10. Qxa1 Qf6 11. e5 dxe5 12. Nxe5 Nd7 13. Ne4 Qxe5 14. Qxe5
Nxe5 15. Nd6+ Ke7 16. Nb5 a6 17. Na3 Bb7 18. O-O b5 19. c4 b4 20. Nc2 Rhd8 21.
Rd1 Rd7 22. d4 Rad8 23. h3 Be4 24. dxe5 Rxd1+ 25. Kh2 R1d2 26. Nxb4 cxb4 27.
Bf1 Rd1 28. Be2 R1d2 29. Bf1 Rxf2 30. Kg1 Rxa2 31. c5 Rd1 32. c6 Rxg2+ 33. Kh1
Rxf1# 0-1

[Event "Ì11Ï"]
[Site "Loo"]
[Date "2017.04.22"]
[Round "3.51"]
[White "Êóõòèí, Âëàäèñëàâ."]
[Black "Ãåîðãèåâ, Àëåêñåé."]
[Result "1-0"]
[WhiteElo "1392"]
[BlackElo "1160"]
[PlyCount "115"]
[EventDate "2017.04.20"]

1. e4 d5 2. exd5 Qxd5 3. d4 Nf6 4. c4 Qa5+ 5. Bd2 Qb6 6. Bc3 c6 7. Nf3 Bg4 8.
Nbd2 Nbd7 9. Qa4 Qc7 10. Be2 e6 11. O-O Be7 12. Rfe1 O-O 13. Bf1 Rfe8 14. Rac1
Rad8 15. b4 a6 16. Qb3 Qb6 17. a3 Bxf3 18. Nxf3 Qc7 19. Bb2 Rc8 20. Red1 Bd6
21. d5 Bf4 22. Rc2 Rcd8 23. Be2 Be5 24. Nxe5 Nxe5 25. Qg3 exd5 26. cxd5 Qe7 27.
h3 cxd5 28. Bf1 Ne4 29. Qf4 Qf6 30. Qxf6 Nxf6 31. Rc7 Rb8 32. Re1 Nf3+ 33. gxf3
Rxe1 34. Kg2 h6 35. f4 Ne4 36. Re7 Rc8 37. Bd3 b5 38. f3 Rd1 39. Bxe4 dxe4 40.
Kg3 Rc2 41. Be5 Rg1+ 42. Kh4 g5+ 43. Kh5 Rc8 44. fxe4 gxf4 45. Bxf4 Kf8 46. Re5
Re8 47. Bxh6+ Kg8 48. Rxe8+ Kh7 49. Rf8 Rf1 50. Ra8 Rf3 51. h4 Rxa3 52. Ra7 Rb3
53. Rxf7+ Kg8 54. Rf8+ Kh7 55. Bd2 Rd3 56. Bc1 Rb3 57. Bg5 Rd3 58. Bf6 1-0